000 00537nmc a2200193 a 4500
003 AR-X00000XY
005 20251128212025.0
008 177020s1932 ||||||||||||||000 | spa||
040 _cAR-X00000XY
100 1 _aMogk, Eugen
245 1 0 _aMitología nórdica
260 _aBarcelona
_bLabor
_c1932
300 0 _a178 p.
_bláms.
490 0 _aLabor : biblioteca de iniciación cultural. Sección VI, Ciencias históricas
_v308
655 _aLITERATURA
700 1 _aEchauri, Eustaquio
_etraductor
942 _cBK
998 _cmartin
999 _c22129
_d22129